| 000 | 01301nam a22002657a 4500 | ||
|---|---|---|---|
| 005 | 20081106101154.0 | ||
| 008 | 081106t xxu||||| |||| 00| 0 hin d | ||
| 010 | _aHIN-85410 | ||
| 020 | _c995.00 | ||
| 035 | _aHN-57756 | ||
| 037 | _bDBAD / PUB | ||
| 040 |
_aDPL _bHN |
||
| 082 | _a181.4 | ||
| 100 | _aत्रिपाठी,आनन्द प्रकाश | ||
| 245 |
_aभारतीय दर्शन / _cआनन्द प्रकाश त्रिपाठी |
||
| 246 |
_aBhaaratiya darashana _bby Anand Prakash Tripathi |
||
| 260 |
_aजयपुर _bयूनिवर्सिटी बुक हाउस _c2008 |
||
| 270 |
_a79, चौडा रास्ता _bजयपुर _e302003 _k0141-2311466 _l01412313382 _muni_bookhouse@yahoo.com |
||
| 300 |
_a417 पृ _c22सेमी (सजिल्द) |
||
| 500 | _aसामान ISBN 8181981014 'आलोचना के हाशिए पर' | ||
| 650 | _aदर्शन, भारतीय | ||
| 650 | _aPhilosophy, Indic. | ||
| 942 |
_2ddc _cHN _mत्रिपाठी _h181.4 |
||
| 999 |
_c19678 _d19678 |
||